Catalog

Record Details

Catalog Search



Fiends on the other side  Cover Image Book Book

Fiends on the other side / Vera Strange.

Strange, Vera, (author.).

Summary:

Twelve-year-old Jamal has always lived in his twin brother, Malik's, shadow. All he wants in the world is to know, just for one day, what it's like to be his more popular, more talented, and more confident brother. So when a mysterious man named Dr. Facilier appears and offers Jamal the opportunity to do just that, Jamal jumps at the chance. But when he wakes up the next morning to find his dream has come true, he learns it comes at a terrible cost. There's a reason people say "Never make a deal with the Shadow Man." And Jamal is about to find out why.

Record details

  • ISBN: 9781368048361
  • ISBN: 1368048366
  • Physical Description: 198 pages ; 20 cm.
  • Edition: First paperback edition.
  • Publisher: Los Angeles : Disney Press, 2020.

Content descriptions

General Note:
Author taken from cover; alias of writer Jennifer Brody.
Subject: Twins > Juvenile fiction.
Sibling rivalry > Juvenile fiction.
Popularity > Juvenile fiction.
Deals > Juvenile fiction.
Contracts > Juvenile fiction.
Genre: Horror fiction.
Paranormal fiction.

Available copies

  • 1 of 1 copy available at scottsboropl.

Holds

  • 0 current holds with 1 total copy.
Show Only Available Copies
Location Call Number / Copy Notes Barcode Shelving Location Status Due Date
scottsboropl JF Str 32269001156929 Juvenile - Fiction Available -

LDR 01905cam a2200421Ii 4500
001154545
003SBPL
00520201021154456.0
008200930t20202020cau j 000 1 eng d
040 . ‡aOCO ‡beng ‡erda ‡cOCO ‡dOCO ‡dEB$ ‡dBDX ‡dOCLCO
020 . ‡a9781368048361 ‡q(paperback)
020 . ‡a1368048366 ‡q(paperback)
035 . ‡a(OCoLC)1198237656
05014. ‡aPZ7.1.S768
08204. ‡a813.6 ‡223
1001 . ‡aStrange, Vera, ‡eauthor.
24510. ‡aFiends on the other side / ‡cVera Strange.
250 . ‡aFirst paperback edition.
264 1. ‡aLos Angeles : ‡bDisney Press, ‡c2020.
264 4. ‡c©2020
300 . ‡a198 pages ; ‡c20 cm.
336 . ‡atext ‡btxt ‡2rdacontent
337 . ‡aunmediated ‡bn ‡2rdamedia
338 . ‡avolume ‡bnc ‡2rdacarrier
4901 . ‡aDisney chills ; ‡v2
500 . ‡aAuthor taken from cover; alias of writer Jennifer Brody.
520 . ‡aTwelve-year-old Jamal has always lived in his twin brother, Malik's, shadow. All he wants in the world is to know, just for one day, what it's like to be his more popular, more talented, and more confident brother. So when a mysterious man named Dr. Facilier appears and offers Jamal the opportunity to do just that, Jamal jumps at the chance. But when he wakes up the next morning to find his dream has come true, he learns it comes at a terrible cost. There's a reason people say "Never make a deal with the Shadow Man." And Jamal is about to find out why.
650 0. ‡aTwins ‡vJuvenile fiction.
650 0. ‡aSibling rivalry ‡vJuvenile fiction.
650 0. ‡aPopularity ‡vJuvenile fiction.
650 0. ‡aDeals ‡vJuvenile fiction.
650 0. ‡aContracts ‡vJuvenile fiction.
655 7. ‡aHorror fiction. ‡2lcgft
655 7. ‡aParanormal fiction. ‡2lcgft
8001 . ‡aStrange, Vera. ‡tDisney chills ; ‡v2.
938 . ‡aBrodart ‡bBROD ‡n126063877
994 . ‡aZ0 ‡bMWL
948 . ‡hNO HOLDINGS IN MWL - 57 OTHER HOLDINGS
901 . ‡a154545 ‡b ‡c154545 ‡tbiblio

Additional Resources